| 000 | 00736nam a22001337a 4500 | ||
|---|---|---|---|
| 040 | _cRUA | ||
| 082 | _aAVM BUN 2011 B098 Or.1 | ||
| 100 | _aBUN SEREYRATANAK | ||
| 245 | _aStudy on situation disease of dog at examination department and animal treatment office of agriculture, (ការសិក្សាស្ថានភាពជំងឺ សុនខនៅគ្លីនិកផ្នែកពិនិត្យ និងព្យាបាលសត្វនៃមន្ទីកសិកម្ម រាជធានីភ្នំពេញ) | ||
| 260 |
_aphnom penh _brua _c2011 |
||
| 300 |
_ax, 36p. _bill. _c29cm. |
||
| 856 | _uhttps://drive.google.com/file/d/12npyIp_x67fs9PtuxClsLnZVFYbAO3EJ/view?usp=sharing | ||
| 942 | _cAVM | ||
| 999 |
_c2472 _d2472 |
||